| 000 | 00396nam a2200145Ia 4500 | ||
|---|---|---|---|
| 008 | 231129s1980||||xx |||||||||||||| ||spa|| | ||
| 020 | _a968-13-0191-9 | ||
| 040 | _bspa | ||
| 082 | _aM863 V136s | ||
| 100 | _aValadés Edmundo | ||
| 245 | 0 | _aSólo los sueños y los deseos son inmortales palomita | |
| 260 | _c1980 | ||
| 264 | _aDiana | ||
| 942 |
_2ddc _cBKS |
||
| 999 |
_c24797 _d24797 |
||